Women and human rights / (Record no. 38361)
[ view plain ]
| 000 -LEADER | |
|---|---|
| fixed length control field | 01498nam a22003137a 4500 |
| 005 - DATE AND TIME OF LATEST TRANSACTION | |
| control field | 20100731110051.0 |
| 010 ## - LCCN (DPL NO) | |
| LC control number | ENG-97034 B-423729-730 |
| 020 ## - INTERNATIONAL STANDARD BOOK NUMBER | |
| International Standard Book Number | 9788191052473 |
| Terms of availability | 795.00 |
| 035 ## - SYSTEM CONTROL NUMBER | |
| System control number | EN-80567 |
| 035 ## - SYSTEM CONTROL NUMBER | |
| System control number | B-423729-730 |
| 037 ## - SOURCE OF ACQUISITION | |
| Source of stock number/acquisition | DBAD/PUB |
| 037 ## - SOURCE OF ACQUISITION | |
| Source of stock number/acquisition | Allied Publishers |
| 082 ## - DEWEY DECIMAL CLASSIFICATION NUMBER | |
| Classification number | 342.2878 |
| 100 ## - MAIN ENTRY--PERSONAL NAME | |
| Personal name | Bhatt, Savita |
| 245 ## - TITLE STATEMENT | |
| Title | Women and human rights / |
| Statement of responsibility, etc | by Savita Bhatt |
| 260 ## - PUBLICATION, DISTRIBUTION, ETC. (IMPRINT) | |
| Place of publication, distribution, etc | Nw Delhi |
| Name of publisher, distributor, etc | Altar Publishing House |
| Date of publication, distribution, etc | 2010 |
| 270 ## - ADDRESS | |
| Address | L- 9 A, IInd Floor, Sadatpur Extention |
| City | New Delhi |
| Postal code | 110094 |
| 300 ## - PHYSICAL DESCRIPTION | |
| Extent | ix, 265p. |
| Dimensions | 22cm (Hb) |
| 500 ## - GENERAL NOTE | |
| General note | includes bibliographic and index |
| 600 ## - SUBJECT ADDED ENTRY--PERSONAL NAME | |
| Personal name | Feminism |
| 600 ## - SUBJECT ADDED ENTRY--PERSONAL NAME | |
| Personal name | Human rights |
| 600 ## - SUBJECT ADDED ENTRY--PERSONAL NAME | |
| Personal name | Women-Legal status, law, etc. |
| 600 ## - SUBJECT ADDED ENTRY--PERSONAL NAME | |
| Personal name | Womens rights |
| 942 ## - ADDED ENTRY ELEMENTS (KOHA) | |
| Source of classification or shelving scheme | Dewey Decimal Classification |
| Item type | English Books |
| Classification part | 342.2878 |
| Call number suffix | BHT |
| Withdrawn status | Lost status | Not for loan | Collection code | Home library | Current library | Date acquired | Source of acquisition | Cost, normal purchase price | Full call number | Barcode | Copy number | Cost, replacement price | Koha item type | Public note |
|---|---|---|---|---|---|---|---|---|---|---|---|---|---|---|
| Non-fiction | Central Library | Central Library | 10/08/2011 | Allied Publishers/CR/0002704/17.3.11/75/4.3.11/17.3.11 | 795.00 | 342.2878 BHT | B-423729 | 1 | 795.00 | English Books | Legal Case (Register 2018) | |||
| Not For Loan | Non-fiction | D.B.Act.Division | D.B.Act.Division | 31/07/2010 | DBAD/PUB | 795.00 | 342.2878 BHT | EN-80567 | 1 | 795.00 | English Books | |||
| Non-fiction | Sarojini Nagar | Sarojini Nagar | 10/08/2011 | Allied Publishers/CR/0002704/17.3.11/75/4.3.11/17.3.11 | 795.00 | 342.2878 BHT | B-423730 | 1 | 795.00 | English Books |
